The arts of Asia : (Record no. 13827)

000 -LEADER
fixed length control field 00435cam a22001575a 4500
020 ## - INTERNATIONAL STANDARD BOOK NUMBER
ISBN 0500238235 (hbk.)
040 ## - CATALOGING SOURCE
Transcribing agency UKM
082 04 - DEWEY DECIMAL CLASSIFICATION NUMBER
Classification number 709 THA 2005 A085 Or.
100 1# - MAIN ENTRY--AUTHOR NAME
Personal name McArthur, Meher.
245 14 - TITLE STATEMENT
Title The arts of Asia :
Remainder of title materials, techniques, styles /
260 ## - PUBLICATION, DISTRIBUTION, ETC. (IMPRINT)
Place of publication London :
Name of publisher Thames & Hudson,
Year of publication 2005.
300 ## - PHYSICAL DESCRIPTION
Number of Pages 256 p. :
Other physical details ill. (some col.) ;
Dimensions 27 cm.
650 #0 - SUBJECT ADDED ENTRY--TOPICAL TERM
Topical Term Art, Asian.
650 #0 - SUBJECT ADDED ENTRY--TOPICAL TERM
Topical Term Artists' materials
942 ## - ADDED ENTRY ELEMENTS (KOHA)
Koha item type សៀវភៅភាសាអង់គ្លេស
952 ## - LOCATION AND ITEM INFORMATION (KOHA)
Withdrawn status [LOCAL, KOHA] 0
Holdings
Permanent Location Date acquired Koha item type Lost status Shelving location Barcode Current Location Full call number
Library Block A2017-08-31សៀវភៅភាសាអង់គ្លេស A085a16011Library Block A709 THA 2005 A085 Or.
មជ្ឈមណ្ឌលឯការនៃសាកលវិទ្យាល័យភូមិន្ទកសិកម្មចំការដូង

Powered by Koha